Pomocník zo slovenského jazyka 6 pracovný zošit pre 6. ročník ZŠ a 1. ročník GOŠ

Bibliographic Details
Main Author: Krajčovičová, Jarmila, 1961- (Author)
Other Authors: Csiba, Viktor (Illustrator)
Format: Book
Language:Slovak
PhysicalDescription:64 s. ilustr. 24 cm
Published: Bratislava Orbis Pictus Istropolitana 2015
ISBN:9788081203855
Subjects:

MARC

LEADER 00000cam a2200000 a 4500
001 vtls010876712
003 SK-MaSNL
005 20260301220028.0
008 240313s2015 xo a c n 000 0 slo
015 |a SNBA2015/10 
020 |a 9788081203855  |q (brož.) 
035 |a 39799B40-8EEC-40DE-9024-81B98B6E8DD0 
035 |a urn:nbn:sk:snk-aml030 
035 |a urn:nbn:sk:snk-am008ob8 
040 |a SNK  |b slo  |c SNK  |e AACR2 
041 0 |a slo 
044 |a xo  |c SK 
072 7 |a 811.162.4  |x Slovenčina  |2 konspekt 
080 |a 811.162.4  |2 2001 
080 |a (075.2)  |2 2001 
080 |a (075.3)  |2 2001 
080 |a (076.1)  |2 2001 
100 1 |a Krajčovičová, Jarmila,  |d 1961-  |4 aut  |9 213384 
245 1 0 |a Pomocník zo slovenského jazyka 6  |b pracovný zošit pre 6. ročník ZŠ a 1. ročník GOŠ  |c Jarmila Krajčovičová ; [ilustrácie Viktor Csiba] 
260 |a Bratislava  |b Orbis Pictus Istropolitana  |c 2015 
300 |a 64 s.  |b ilustr.  |c 24 cm 
504 |a Bibliogr. odkazy 
650 0 7 |a slovenčina  |2 SNKPH  |9 1350 
650 0 7 |a Slovak language  |2 SNKPHeng  |9 266031 
655 7 |a učebnice základných škôl  |2 SNKPH  |9 70187 
655 7 |a učebnice stredných škôl  |2 SNKPH  |9 69323 
655 7 |a pracovné zošity  |2 SNKPH  |9 70188 
655 7 |a Textbooks (elementary)  |2 SNKPHeng  |9 276977 
655 7 |a Textbooks (secondary)  |2 SNKPHeng  |9 276359 
655 7 |a Activity books  |2 SNKPHeng  |9 302885 
700 1 |a Csiba, Viktor  |4 ill  |9 213396 
852 |a Štátna vedecká knižnica v Banskej Bystrici 
919 |a 978-80-8120-385-5 
958 |a NB 
999 |c 930375  |d 932305 
952 |a SNK  |b SNK  |y PREZ  |7 0  |p 17A1172299  |o snkSC 166362  |i snk2015/27307  |8 0  |0 0  |1 0  |4 0  |d 2015-09-25  |f 1  |l 0  |r 2026-02-24 08:46:22  |w 2026-02-24 
952 |a SNK  |b SNK  |y VYP  |7 0  |p 17A1172300  |o snkSC 166362 D1  |i snk2015/27308  |8 0  |0 0  |1 0  |4 0  |d 2015-09-25  |l 0  |r 2026-02-24 08:46:22  |w 2026-02-24